000 00488nam a2200181Ia 4500
003 OSt
005 20250205144443.0
008 210210b1959 xxu||||| |||| 00| 0 eng d
040 _cAL
041 _aKannada
082 _a853/260
100 _aBICHI BALLARI
_9131448
_dಬೀಚಿ.
245 _aRediyo natakagalu
_bರೇಡಿಯೋ ನಾಟಕಗಳು
260 _aDharavda
_bSamaja Pustakalaya
_c1959
690 _aKannada Drama
_9131451
906 _a019534
942 _2ddc
_cBK
999 _c143664
_d143664